000 00753nam a2200241Ia 4500
003 OSt
005 20220923224208.0
006 a|||||r|||| 00| 0
007 ta
008 220922b |||||||| |||| 00| 0 hin d
024 _a228,478
037 _cTextual
040 _aARTS
_cARTS
_bhin
041 _2hin
_ahin
082 _aV2.D, 152N4;P6
100 _aपाण्डेय, राजबली
245 0 _aप्राचीन भारत
246 _aPrāchīn bhārata
260 _aवाराणसी
_b विश्वविद्यालय प्रकाशन
_c2006
300 _a46पृ.
_ccm.
942 _hV2.D, 152N4;P6
_cTEXL
_2CC
999 _c369902
_d369902